000 00655nam a2200265Ia 4500
003 OSt
005 20221006150128.0
006 a|||||r|||| 00| 0
007 ta
008 221006b |||||||| |||| 00| 0 jpn d
020 _c¥1200
024 _a17,213
037 _cTextual
040 _aEASL
_cEASL
_bjpn
041 _2jpn
_ajpn
082 _aO42vN76, L7
100 _aHARIHARA Takayuk Ed.
_9655959
245 0 _aNihon bungakushi
260 _aTokyo
_bFusha Japan
_c1977
300 _a192p.
_ccm.
490 _v JL
650 _aJL
942 _hO42vN76, L7
_cTEXL
_2CC
999 _c1085299
_d1085299